<?xml version="1.0" encoding="UTF-8"?>
<record
    xmlns:xsi="http://www.w3.org/2001/XMLSchema-instance"
    xsi:schemaLocation="http://www.loc.gov/MARC21/slim http://www.loc.gov/standards/marcxml/schema/MARC21slim.xsd"
    xmlns="http://www.loc.gov/MARC21/slim">

  <leader>01658cam a22002533a 4500</leader>
  <controlfield tag="001">5615</controlfield>
  <controlfield tag="003">PGUSA</controlfield>
  <controlfield tag="005">20140828083122.0</controlfield>
  <controlfield tag="008">040501s2004||||xxu|||||s|||||000 | eng d</controlfield>
  <datafield tag="040" ind1=" " ind2=" ">
    <subfield code="a">PGUSA</subfield>
    <subfield code="b">eng</subfield>
  </datafield>
  <datafield tag="042" ind1=" " ind2=" ">
    <subfield code="a">dc</subfield>
  </datafield>
  <datafield tag="050" ind1=" " ind2="4">
    <subfield code="a">PZ</subfield>
  </datafield>
  <datafield tag="100" ind1="1" ind2=" ">
    <subfield code="a">Lang, Andrew,</subfield>
    <subfield code="d">1844-1912</subfield>
  </datafield>
  <datafield tag="245" ind1="1" ind2="4">
    <subfield code="a">The Pink Fairy Book</subfield>
    <subfield code="h">[electronic resource] /</subfield>
    <subfield code="c">Andrew Lang</subfield>
  </datafield>
  <datafield tag="260" ind1=" " ind2=" ">
    <subfield code="b">Project Gutenberg,</subfield>
    <subfield code="c">2004</subfield>
  </datafield>
  <datafield tag="505" ind1="0" ind2=" ">
    <subfield code="a">The Cat's Elopement -- How the Dragon was Tricked -- The Goblin and the Grocer -- The House in the Wood -- Uraschimataro and the Turtle -- The Slaying of the Tanuki -- The Flying Trunk -- The Snow Man. -- The Shirt-Collar -- The Princess in the Chest -- The Three Brothers -- The Snow-queen -- The Fir-Tree -- Hans, the Mermaid's Son -- Peter Bull -- The Bird 'Grip' -- Snowflake -- I know what I have learned -- The Cunning Shoemaker -- The King who would have a Beautiful Wife -- Catherine and her Destiny -- How the Hermit helped to win the King's Daughter -- The Water of Life -- The Wounded Lion -- The Man without a Heart -- The Two Brothers -- Master and Pupil -- The Golden Lion -- The Sprig of Rosemary -- The White Dove -- The Troll's Daughter -- Esben and the Witch -- Princess Minon-Minette -- Maiden Bright-eye -- The Merry Wives -- King Lindorm -- The Jackal, the Dove, and the Panther -- The Little Hare -- The Sparrow with the Slit Tongue -- The Story of Ciccu -- Don Giovanni de la Fortuna.</subfield>
  </datafield>
  <datafield tag="506" ind1=" " ind2=" ">
    <subfield code="a">Public domain in the USA.</subfield>
  </datafield>
  <datafield tag="516" ind1=" " ind2=" ">
    <subfield code="a">Electronic text</subfield>
  </datafield>
  <datafield tag="653" ind1=" " ind2=" ">
    <subfield code="a">Folklore</subfield>
  </datafield>
  <datafield tag="653" ind1=" " ind2=" ">
    <subfield code="a">Fairy tales</subfield>
  </datafield>
  <datafield tag="830" ind1=" " ind2="0">
    <subfield code="a">Project Gutenberg</subfield>
    <subfield code="v">5615</subfield>
  </datafield>
  <datafield tag="856" ind1="4" ind2="0">
    <subfield code="u">http://www.gutenberg.org/ebooks/5615</subfield>
  </datafield>
  <datafield tag="942" ind1=" " ind2=" ">
    <subfield code="c">EB</subfield>
  </datafield>
  <datafield tag="999" ind1=" " ind2=" ">
    <subfield code="c">234943</subfield>
    <subfield code="d">234943</subfield>
  </datafield>
  <datafield tag="952" ind1=" " ind2=" ">
    <subfield code="0">0</subfield>
    <subfield code="1">0</subfield>
    <subfield code="4">0</subfield>
    <subfield code="a">GTB</subfield>
    <subfield code="b">GTB</subfield>
    <subfield code="d">2014-08-28</subfield>
    <subfield code="l">0</subfield>
    <subfield code="r">2014-08-28 00:00:00</subfield>
    <subfield code="w">2014-08-28</subfield>
    <subfield code="y">EB</subfield>
  </datafield>
</record>
